|
|
|
|
| LEADER |
00000cas a22000004a 4500 |
| 001 |
vtls008299324 |
| 003 |
SK-MaSNL |
| 005 |
20260228155815.0 |
| 008 |
050926d20052014xo mr|p 0 b0slo |
| 022 |
|
|
|a 1336-7269
|
| 035 |
|
|
|a (SVKBB03)vtls000224865
|
| 040 |
|
|
|a SNK
|b slo
|c SNK
|d SVKBB
|d SAVUK
|e AACR2
|
| 041 |
0 |
|
|a slo
|
| 044 |
|
|
|a xo
|c SK
|
| 072 |
|
7 |
|a 613
|x Hygiena. Ľudské zdravie
|2 konspekt
|
| 072 |
|
7 |
|a 316.7
|x Sociológia kultúry. Kultúrny život
|2 konspekt
|
| 072 |
|
7 |
|a 173
|x Rodinná morálka
|2 konspekt
|
| 080 |
|
|
|a 613.952/.954
|2 2001
|
| 080 |
|
|
|a 347.63
|2 2001
|
| 080 |
|
|
|a 316.728
|2 2001
|
| 080 |
|
|
|a 173.5
|2 2001
|
| 080 |
|
|
|a 050
|2 2001
|
| 210 |
0 |
|
|a Mamina
|
| 222 |
|
0 |
|a Mamina
|
| 245 |
0 |
0 |
|a Mamina
|b časopis o životnom štýle modernej mamy
|
| 260 |
|
|
|a Bratislava
|b Spoločnosť 7 plus
|c 2005-2014
|
| 300 |
|
|
|a 10 zv.
|c 28 cm
|
| 310 |
|
|
|a 1x mesačne
|
| 362 |
0 |
|
|a Roč. 1 (sept. 2005)-roč. 10 (jan. 2014)
|
| 500 |
|
|
|a Šéfredaktorka: (2005-2006), Martina Palovčíková; (2007-2008), Ružena Novotová; (2009-), Martina Palovčíková
|
| 500 |
|
|
|a Registračné č.: 3401/2005
|
| 500 |
|
|
|a Od r. 2014 časopis vychádza ako internetový časopis: imamina.sk
|
| 500 |
|
|
|a Časopis má v rokoch 2012-2014 chybné ročníkovanie
|
| 500 |
|
|
|a Evidenčné č.: 1992/08
|
| 650 |
0 |
7 |
|a starostlivosť o dieťa
|2 SNKPH
|9 2563
|
| 650 |
0 |
7 |
|a životný štýl
|2 SNKPH
|9 1704
|
| 650 |
0 |
7 |
|a materstvo
|2 SNKPH
|9 18851
|
| 650 |
0 |
7 |
|a Child care
|2 SNKPHeng
|9 265361
|
| 650 |
0 |
7 |
|a Style of life
|2 SNKPHeng
|9 265362
|
| 650 |
0 |
7 |
|a Motherhood
|2 SNKPHeng
|9 265363
|
| 655 |
|
7 |
|a špecializované časopisy
|2 SNKPH
|9 70509
|
| 700 |
1 |
|
|a Palovčíková, Martina
|4 pbd
|9 265364
|
| 700 |
1 |
|
|a Novotová, Ružena
|4 pbd
|9 265365
|
| 770 |
0 |
|
|t Mamina špeciál
|x 1339-2948
|
| 852 |
|
|
|a Štátna vedecká knižnica v Banskej Bystrici
|
| 856 |
4 |
|
|u http://www.casopismamina.sk
|
| 910 |
|
|
|a savuk
|
| 910 |
|
|
|a snk
|
| 916 |
|
|
|a 2005-2014
|
| 958 |
|
|
|a OND
|
| 999 |
|
|
|c 647
|d 647
|
| 952 |
|
|
|0 0
|1 0
|4 0
|7 0
|8 0
|a SNK
|b SNK
|d 2014-11-11
|i snk2014/24645
|l 0
|o snkČSB 5936/6/2010/1 D1
|p 17A1089461
|r 2026-02-21 19:45:09
|t č. 1-6
|w 2026-02-21
|y PREZ
|
| 952 |
|
|
|0 0
|1 0
|4 0
|7 0
|8 0
|a SNK
|b SNK
|d 2014-11-11
|i snk2014/24649
|l 0
|o snkČSB 5936/6/2010/2 D1
|p 17A1089462
|r 2026-02-21 19:45:09
|t č. 7-12, neúplné
|w 2026-02-21
|y PREZ
|z chýba č. 10, 11
|
| 952 |
|
|
|0 0
|1 0
|4 0
|7 0
|8 0
|a SNK
|b SNK
|d 2014-11-10
|f 1
|i snk2014/24512
|l 0
|o snkČSB 5936/1/2005
|p 17A1089441
|r 2026-02-21 20:32:37
|t č. 1-12, neúplné
|w 2026-02-21
|y PREZ
|z chýba č. 1-9
|
| 952 |
|
|
|0 0
|1 0
|4 0
|7 0
|8 0
|a SNK
|b SNK
|d 2014-11-10
|i snk2014/24514
|l 0
|o snkČSB 5936/1/2005 D1
|p 17A1089442
|r 2026-02-21 20:32:37
|t č. 1-12, neúplné
|w 2026-02-21
|y PREZ
|z chýba č. 1-9
|
| 952 |
|
|
|0 0
|1 0
|4 0
|7 0
|8 0
|a SNK
|b SNK
|d 2014-11-10
|f 1
|i snk2014/24516
|l 0
|o snkČSB 5936/2/2006/1
|p 17A1089443
|r 2026-02-21 20:32:37
|t č. 1-6
|w 2026-02-21
|y PREZ
|
| 952 |
|
|
|0 0
|1 0
|4 0
|7 0
|8 0
|a SNK
|b SNK
|d 2014-11-10
|f 1
|i snk2014/24518
|l 0
|o snkČSB 5936/2/2006/2
|p 17A1089444
|r 2026-02-21 20:32:37
|t č. 7-12
|w 2026-02-21
|y PREZ
|
| 952 |
|
|
|0 0
|1 0
|4 0
|7 0
|8 0
|a SNK
|b SNK
|d 2014-11-10
|i snk2014/24519
|l 0
|o snkČSB 5936/2/2006/1 D1
|p 17A1089445
|r 2026-02-21 20:32:37
|t č. 1-6
|w 2026-02-21
|y PREZ
|
| 952 |
|
|
|0 0
|1 0
|4 0
|7 0
|8 0
|a SNK
|b SNK
|d 2014-11-10
|i snk2014/24520
|l 0
|o snkČSB 5936/2/2006/2 D1
|p 17A1089446
|r 2026-02-21 20:32:37
|t č. 7-12
|w 2026-02-21
|y PREZ
|
| 952 |
|
|
|0 0
|1 0
|4 0
|7 0
|8 0
|a SNK
|b SNK
|d 2014-11-10
|f 1
|i snk2014/24523
|l 0
|o snkČSB 5936/3/2007/1
|p 17A1089447
|r 2026-02-21 20:32:37
|t č. 1-6
|w 2026-02-21
|y PREZ
|
| 952 |
|
|
|0 0
|1 0
|4 0
|7 0
|8 0
|a SNK
|b SNK
|d 2014-11-10
|f 1
|i snk2014/24527
|l 0
|o snkČSB 5936/3/2007/2
|p 17A1089448
|r 2026-02-21 20:32:37
|t č. 7-12
|w 2026-02-21
|y PREZ
|
| 952 |
|
|
|0 0
|1 0
|4 0
|7 0
|8 0
|a SNK
|b SNK
|d 2014-11-10
|i snk2014/24547
|l 0
|o snkČSB 5936/3/2007/1 D1
|p 17A1089449
|r 2026-02-21 20:32:37
|t č. 1-6, neúplné
|w 2026-02-21
|y PREZ
|z chýba č. 1
|
| 952 |
|
|
|0 0
|1 0
|4 0
|7 0
|8 0
|a SNK
|b SNK
|d 2014-11-10
|i snk2014/24555
|l 0
|o snkČSB 5936/3/2007/2 D1
|p 17A1089450
|r 2026-02-21 20:32:37
|t č. 7-12
|w 2026-02-21
|y PREZ
|
| 952 |
|
|
|0 0
|1 0
|4 0
|7 0
|8 0
|a SNK
|b SNK
|d 2014-11-10
|f 1
|i snk2014/24560
|l 0
|o snkČSB 5936/4/2008/1
|p 17A1089451
|r 2026-02-21 20:32:38
|t č. 1-6
|w 2026-02-21
|y PREZ
|
| 952 |
|
|
|0 0
|1 0
|4 0
|7 0
|8 0
|a SNK
|b SNK
|d 2014-11-11
|f 1
|i snk2014/24689
|l 0
|o snkČSB 5936/7/2011/1
|p 17A1089463
|r 2026-02-21 20:32:45
|t č. 1-6
|w 2026-02-21
|y PREZ
|
| 952 |
|
|
|0 0
|1 0
|4 0
|7 0
|8 0
|a SNK
|b SNK
|d 2014-11-11
|f 1
|i snk2014/24693
|l 0
|o snkČSB 5936/7/2011/2
|p 17A1089464
|r 2026-02-21 20:32:46
|t č. 7-12
|w 2026-02-21
|y PREZ
|
| 952 |
|
|
|0 0
|1 0
|4 0
|7 0
|8 0
|a SNK
|b SNK
|d 2014-11-11
|i snk2014/24710
|l 0
|o snkČSB 5936/7/2011/1 D1
|p 17A1089465
|r 2026-02-21 20:32:46
|t č. 1-6
|w 2026-02-21
|y PREZ
|
| 952 |
|
|
|0 0
|1 0
|4 0
|7 0
|8 0
|a SNK
|b SNK
|d 2014-11-11
|i snk2014/24713
|l 0
|o snkČSB 5936/7/2011/2 D1
|p 17A1089466
|r 2026-02-21 20:32:46
|t č. 7-12, neúplné
|w 2026-02-21
|y PREZ
|z chýba č. 11
|
| 952 |
|
|
|0 0
|1 0
|4 0
|7 0
|8 0
|a SNK
|b SNK
|d 2014-11-11
|f 1
|i snk2014/24720
|l 0
|o snkČSB 5936/8/2012/1
|p 17A1089467
|r 2026-02-21 20:32:48
|t č. 1-6
|w 2026-02-21
|y PREZ
|
| 952 |
|
|
|0 0
|1 0
|4 0
|7 0
|8 0
|a SNK
|b SNK
|d 2014-11-11
|f 1
|i snk2014/24754
|l 0
|o snkČSB 5936/8/2012/2
|p 17A1089468
|r 2026-02-21 20:32:48
|t č. 7-12
|w 2026-02-21
|y PREZ
|
| 952 |
|
|
|0 0
|1 0
|4 0
|7 0
|8 0
|a SNK
|b SNK
|d 2014-11-11
|i snk2014/24765
|l 0
|o snkČSB 5936/8/2012/1 D1
|p 17A1089469
|r 2026-02-21 20:32:48
|t č. 1-6, neúplné
|w 2026-02-21
|y PREZ
|z chýba č. 5
|
| 952 |
|
|
|0 0
|1 0
|4 0
|7 0
|8 0
|a SNK
|b SNK
|d 2014-11-11
|i snk2014/24768
|l 0
|o snkČSB 5936/8/2012/2 D1
|p 17A1089470
|r 2026-02-21 20:32:49
|t č. 7-12, neúplné
|w 2026-02-21
|y PREZ
|z chýba č. 11
|
| 952 |
|
|
|0 0
|1 0
|4 0
|7 0
|8 0
|a SNK
|b SNK
|d 2014-11-11
|f 1
|i snk2014/24773
|l 0
|o snkČSB 5936/9/2013/1
|p 17A1089471
|r 2026-02-21 20:32:49
|t č. 1-6
|w 2026-02-21
|y PREZ
|
| 952 |
|
|
|0 0
|1 0
|4 0
|7 0
|8 0
|a SNK
|b SNK
|d 2014-11-11
|f 1
|i snk2014/24776
|l 0
|o snkČSB 5936/9/2013/2
|p 17A1089472
|r 2026-02-21 20:32:49
|t č. 7-12
|w 2026-02-21
|y PREZ
|
| 952 |
|
|
|0 0
|1 0
|4 0
|7 0
|8 0
|a SNK
|b SNK
|d 2014-11-11
|f 1
|i snk2014/24782
|l 0
|o snkČSB 5936/10/2014
|p 17A1089473
|r 2026-02-21 20:32:52
|t č. 1
|w 2026-02-21
|y PREZ
|
| 952 |
|
|
|0 0
|1 0
|4 0
|7 0
|8 0
|a SNK
|b SNK
|d 2014-11-11
|f 1
|i snk2014/24622
|l 0
|o snkČSB 5936/4/2008/2
|p 17A1089452
|r 2026-02-21 20:32:55
|t č. 7-12
|w 2026-02-21
|y PREZ
|
| 952 |
|
|
|0 0
|1 0
|4 0
|7 0
|8 0
|a SNK
|b SNK
|d 2014-11-11
|i snk2014/24623
|l 0
|o snkČSB 5936/4/2008/1 D1
|p 17A1089453
|r 2026-02-21 20:32:55
|t č. 1-6
|w 2026-02-21
|y PREZ
|
| 952 |
|
|
|0 0
|1 0
|4 0
|7 0
|8 0
|a SNK
|b SNK
|d 2014-11-11
|i snk2014/24624
|l 0
|o snkČSB 5936/4/2008/2 D1
|p 17A1089454
|r 2026-02-21 20:32:55
|t č. 7-12
|w 2026-02-21
|y PREZ
|
| 952 |
|
|
|0 0
|1 0
|4 0
|7 0
|8 0
|a SNK
|b SNK
|d 2014-11-11
|f 1
|i snk2014/24628
|l 0
|o snkČSB 5936/5/2009/1
|p 17A1089455
|r 2026-02-21 20:32:55
|t č. 1-6
|w 2026-02-21
|y PREZ
|
| 952 |
|
|
|0 0
|1 0
|4 0
|7 0
|8 0
|a SNK
|b SNK
|d 2014-11-11
|f 1
|i snk2014/24630
|l 0
|o snkČSB 5936/5/2009/2
|p 17A1089456
|r 2026-02-21 20:32:56
|t č. 7-12
|w 2026-02-21
|y PREZ
|
| 952 |
|
|
|0 0
|1 0
|4 0
|7 0
|8 0
|a SNK
|b SNK
|d 2014-11-11
|i snk2014/24632
|l 0
|o snkČSB 5936/5/2009/1 D1
|p 17A1089457
|r 2026-02-21 20:32:56
|t č. 1-6
|w 2026-02-21
|y PREZ
|
| 952 |
|
|
|0 0
|1 0
|4 0
|7 0
|8 0
|a SNK
|b SNK
|d 2014-11-11
|i snk2014/24633
|l 0
|o snkČSB 5936/5/2009/2 D1
|p 17A1089458
|r 2026-02-21 20:32:56
|t č. 7-12
|w 2026-02-21
|y PREZ
|
| 952 |
|
|
|0 0
|1 0
|4 0
|7 0
|8 0
|a SNK
|b SNK
|d 2014-11-11
|f 1
|i snk2014/24634
|l 0
|o snkČSB 5936/6/2010/1
|p 17A1089459
|r 2026-02-21 20:32:56
|t č. 1-6
|w 2026-02-21
|y PREZ
|
| 952 |
|
|
|0 0
|1 0
|4 0
|7 0
|8 0
|a SNK
|b SNK
|d 2014-11-11
|f 1
|i snk2014/24635
|l 0
|o snkČSB 5936/6/2010/2
|p 17A1089460
|r 2026-02-21 20:32:56
|t č. 7-12
|w 2026-02-21
|y PREZ
|
| 952 |
|
|
|0 0
|1 0
|4 0
|7 0
|8 0
|a SNK
|b SNK
|d 2015-01-19
|i snk2015/1429
|l 0
|o snkČSB 5936/10/2014 D1
|p 17A0871142
|r 2026-02-21 20:43:01
|t č. 1
|w 2026-02-21
|y PREZ
|
| 952 |
|
|
|0 0
|1 0
|4 0
|7 0
|8 0
|a SNK
|b SNK
|d 2014-12-11
|i snk2014/27724
|l 0
|o snkČSB 5936/9/2013/2 D1
|p 17A0870759
|r 2026-02-21 21:11:34
|t č. 7-12 + príl., neúpl.
|w 2026-02-21
|y PREZ
|z príloha: ABECEDA prikrmovania č. 11 ; chýba č. 7
|
| 952 |
|
|
|0 0
|1 0
|4 0
|7 0
|8 0
|a SNK
|b SNK
|d 2014-12-11
|i snk2014/27721
|l 0
|o snkČSB 5936/9/2013/1 D1
|p 17A0870758
|r 2026-02-21 21:14:12
|t č. 1-6 + príl.
|w 2026-02-21
|y PREZ
|z príloha: ABECEDA dojčenia č. 4
|